[Event "USA ch femenino"]
[Site "Saint Louis USA"]
[Date "2011.04.15"]
[Round "1.2"]
[White "Abrahamyan, Tatev"]
[Black "Baginskaite, Camilla"]
[Result "1-0"]
[WhiteElo "2326"]
[BlackElo "2342"]
[PlyCount "137"]
[EventDate "2011.04.15"]
[EventType "tourn"]
[EventRounds "7"]
[EventCountry "USA"]
[Source "lmi"]
[SourceDate "2011.04.15"]

1. e4 e5 2. Nf3 Nc6 3. Bc4 Bc5 4. b4 Bxb4 5. c3 Be7 6. d4 Na5 7. Bd3 d6 8. dxe5
dxe5 9. Nxe5 Nf6 10. O-O O-O 11. Qe2 Re8 12. Rd1 Bd6 13. Nf3 Bg4 14. Nbd2 Qe7
15. Re1 Be5 16. Rb1 Rad8 17. Bc2 Bxc3 18. Qe3 Bb4 19. e5 Bxf3 20. gxf3 Bxd2 21.
Bxd2 Nc4 22. exf6 Qf8 23. Qf4 Nxd2 24. Rxe8 Qxe8 25. Rd1 Rd4 26. Be4 Qd8 27.
Kg2 Nxe4 28. Qg4 Nxf6 29. Rxd4 Qe8 30. Qf4 Qe7 31. Qf5 g6 32. Qc8+ Kg7 33. Qxb7
Qe5 34. Rd1 Nh5 35. Qe4 Qg5+ 36. Kh1 Nf4 37. Rg1 Qf6 38. Re1 Kh6 39. Qe5 Kg7
40. Qxf6+ Kxf6 41. Re4 Ne6 42. Ra4 Ke5 43. Rxa7 c5 44. Kg2 Kd4 45. Kf1 Kd3 46.
Ke1 Kc2 47. Rxf7 c4 48. a4 c3 49. a5 Nc5 50. Rc7 Nd3+ 51. Ke2 Nf4+ 52. Kf1 Nd5
53. Rc5 Nb4 54. Ke2 Kb3 55. Kd1 Kb2 56. Rc4 Na6 57. Ke2 Kb3 58. Kd3 Nb4+ 59.
Rxb4+ Kxb4 60. Kc2 Kxa5 61. Kxc3 Kb5 62. Kd4 Kc6 63. Ke5 Kd7 64. Kf6 Ke8 65.
Kg7 Ke7 66. Kxh7 Kf6 67. Kh6 g5 68. Kh5 Kf5 69. h3 1-0

[Event "USA ch femenino"]
[Site "Saint Louis USA"]
[Date "2011.04.15"]
[Round "1.3"]
[White "Goletiani, Rusudan"]
[Black "Zenyuk, Iryna"]
[Result "1/2-1/2"]
[WhiteElo "2367"]
[BlackElo "2245"]
[PlyCount "131"]
[EventDate "2011.04.15"]
[EventType "tourn"]
[EventRounds "7"]
[EventCountry "USA"]
[Source "lmi"]
[SourceDate "2011.04.15"]

1. c4 g6 2. Nf3 Bg7 3. g3 e5 4. d3 d6 5. Bg2 f5 6. Nc3 Nf6 7. Bg5 Nbd7 8. Nh4
O-O 9. O-O c6 10. Qd2 Qe8 11. e4 Nh5 12. exf5 gxf5 13. Bh6 Ndf6 14. Bxg7 Kxg7
15. Rfe1 Bd7 16. d4 Kh8 17. c5 e4 18. cxd6 Qe6 19. f3 Qxd6 20. fxe4 fxe4 21.
Nxe4 Nxe4 22. Rxe4 Nf6 23. Re2 Bg4 24. Rf2 Nd5 25. Rxf8+ Rxf8 26. Re1 Nb6 27.
Kh1 Nd5 28. Qg5 Bd7 29. Nf3 Qf6 30. Qe5 Re8 31. Qxf6+ Nxf6 32. Rxe8+ Nxe8 33.
Ne5 Be6 34. a3 Nc7 35. Nd3 Nb5 36. Nc5 Bc8 37. d5 cxd5 38. Bxd5 b6 39. Ne4 Kg7
40. Kg2 Nc7 41. Bc6 Ne6 42. Kf2 Nd4 43. Bd5 Be6 44. Bxe6 Nxe6 45. Ke3 a6 46. g4
h6 47. b4 Nc7 48. Nd6 a5 49. b5 Kf6 50. a4 Kg5 51. Kf3 Nd5 52. Kg3 Nc3 53. h4+
Kg6 54. h5+ Kh7 55. Ne8 Nxa4 56. Nf6+ Kg7 57. Nd5 Nc5 58. Kf4 a4 59. Ke5 a3 60.
Nc3 Nb3 61. Na2 Nd2 62. Kd5 Kf6 63. Kc6 Nc4 64. Kd5 Nd2 65. Kc6 Nc4 66. Kd5
1/2-1/2

[Event "USA ch femenino"]
[Site "Saint Louis USA"]
[Date "2011.04.16"]
[Round "2.3"]
[White "Baginskaite, Camilla"]
[Black "Goletiani, Rusudan"]
[Result "1-0"]
[WhiteElo "2342"]
[BlackElo "2367"]
[PlyCount "79"]
[EventDate "2011.04.15"]
[EventType "tourn"]
[EventRounds "7"]
[EventCountry "USA"]
[Source "lmi"]
[SourceDate "2011.04.15"]

1. d4 Nf6 2. Nf3 e6 3. c4 c5 4. d5 exd5 5. cxd5 d6 6. Nc3 g6 7. e4 Bg7 8. Bf4
O-O 9. Nd2 Re8 10. Be2 Na6 11. O-O Nc7 12. a4 b6 13. Re1 Rb8 14. Qc2 a6 15. Nc4
Bf8 16. Bf3 Bg4 17. Bxg4 Nxg4 18. h3 Nf6 19. Bh2 b5 20. Nxd6 Bxd6 21. e5 Bxe5
22. Rxe5 b4 23. Rxe8+ Nfxe8 24. Ne4 Rc8 25. Rd1 Na8 26. d6 Rc6 27. d7 Ng7 28.
Qc4 Ne6 29. Be5 Nb6 30. Qxa6 Nd4 31. Bxd4 Qxd7 32. Nxc5 Qd5 33. Qb5 h5 34. a5
Nd7 35. Rd3 Kh7 36. Be3 Qf5 37. Rxd7 Rf6 38. Qxb4 Qb1+ 39. Kh2 Qf5 40. Qd4 1-0

[Event "USA ch femenino"]
[Site "Saint Louis USA"]
[Date "2011.04.17"]
[Round "3.1"]
[White "Abrahamyan, Tatev"]
[Black "Foisor, Sabina-Francesca"]
[Result "1/2-1/2"]
[WhiteElo "2326"]
[BlackElo "2350"]
[PlyCount "93"]
[EventDate "2011.04.15"]
[EventType "tourn"]
[EventRounds "7"]
[EventCountry "USA"]
[Source "lmi"]
[SourceDate "2011.04.15"]

1. e4 c5 2. Nf3 e6 3. d4 cxd4 4. Nxd4 Nf6 5. Nc3 Nc6 6. Ndb5 Bb4 7. a3 Bxc3+ 8.
Nxc3 d5 9. exd5 exd5 10. Bd3 O-O 11. O-O d4 12. Ne2 Bg4 13. f3 Bh5 14. Bg5 Qd6
15. Qd2 Bg6 16. Rad1 Rfd8 17. Bh4 Rd7 18. Bg3 Qf8 19. Bf2 Rad8 20. Rfe1 a6 21.
Nf4 Nd5 22. Nxg6 hxg6 23. Qg5 Qd6 24. Re4 Nf6 25. Re2 Qd5 26. Qf4 Qd6 27. Qd2
Nd5 28. Rde1 Re7 29. Bh4 Rxe2 30. Rxe2 Rc8 31. Bg3 Qf6 32. Be4 Ne3 33. b3 Nf5
34. Bf2 Nfe7 35. Qe1 Qd6 36. Bxc6 Nxc6 37. Re8+ Rxe8 38. Qxe8+ Qf8 39. Qxf8+
Kxf8 40. Kf1 Ke7 41. Ke2 Ke6 42. Kd3 Kd5 43. f4 b5 44. Bg1 f6 45. h4 g5 46. g3
g6 47. Bf2 1/2-1/2

[Event "USA ch femenino"]
[Site "Saint Louis USA"]
[Date "2011.04.17"]
[Round "3.4"]
[White "Melekhina, Alisa"]
[Black "Zenyuk, Iryna"]
[Result "0-1"]
[WhiteElo "2304"]
[BlackElo "2245"]
[PlyCount "76"]
[EventDate "2011.04.15"]
[EventType "tourn"]
[EventRounds "7"]
[EventCountry "USA"]
[Source "lmi"]
[SourceDate "2011.04.15"]

1. e4 c5 2. Nc3 Nc6 3. g3 g6 4. Bg2 Bg7 5. d3 e5 6. f4 d6 7. Nf3 Nge7 8. O-O
O-O 9. Nh4 exf4 10. Bxf4 h6 11. Be3 Ne5 12. h3 Be6 13. Qd2 Kh7 14. Ne2 Qc8 15.
Kh2 g5 16. Nf3 Nxf3+ 17. Rxf3 Bxb2 18. Raf1 Bg7 19. d4 d5 20. Nc3 Qd7 21. exd5
Nxd5 22. Nxd5 Bxd5 23. dxc5 Rad8 24. R3f2 Bxa2 25. Be4+ Kg8 26. Qa5 Bc4 27. c6
bxc6 28. Rd2 Qc8 29. Rxd8 Rxd8 30. Rb1 Re8 31. Bf5 Be6 32. Bd3 Bxh3 33. Bxa7
Qe6 34. Bf2 Bg4 35. Qa4 Qd7 36. Qa6 Bf3 37. Rb7 Qg4 38. Kg1 Qh3 0-1

[Event "USA ch femenino"]
[Site "Saint Louis USA"]
[Date "2011.04.18"]
[Round "4.1"]
[White "Foisor, Sabina-Francesca"]
[Black "Zenyuk, Iryna"]
[Result "1-0"]
[WhiteElo "2350"]
[BlackElo "2245"]
[PlyCount "117"]
[EventDate "2011.04.15"]
[EventType "tourn"]
[EventRounds "7"]
[EventCountry "USA"]
[Source "lmi"]
[SourceDate "2011.04.15"]

1. d4 Nf6 2. c4 c5 3. d5 b5 4. Nd2 Qa5 5. Qc2 d6 6. e4 bxc4 7. Bxc4 g6 8. Ngf3
Bg7 9. O-O O-O 10. h3 Nbd7 11. a4 Ba6 12. Ra3 Rab8 13. Nb3 Qb6 14. Bxa6 Qxa6
15. Bd2 Nxe4 16. Qxe4 Bxb2 17. Ra2 Rxb3 18. Qxe7 Qc8 19. Qxd6 Bg7 20. Rc2 Rxf3
21. gxf3 Ne5 22. Kg2 Nxf3 23. Qf4 Nd4 24. Rc4 Rd8 25. Rb1 Bf8 26. Rxd4 cxd4 27.
Qxd4 Bc5 28. Qe5 Re8 29. Qf6 Re2 30. Be1 Qe8 31. Qf4 Bb6 32. a5 Rxe1 33. Rxe1
Qxe1 34. axb6 axb6 35. Qd4 Qe8 36. d6 Qc6+ 37. f3 Qc2+ 38. Kg3 f5 39. Qxb6 f4+
40. Kxf4 Qf5+ 41. Ke3 Qe5+ 42. Kd2 Kf8 43. Qd8+ Kf7 44. Qc7+ Kf8 45. Qc8+ Kf7
46. Qc4+ Kf8 47. Qb4 Qd5+ 48. Ke2 Qe5+ 49. Kf1 Kf7 50. Qc4+ Kf8 51. Qd3 Qa1+
52. Kg2 Qb2+ 53. Kg3 Qb8 54. Qd4 Qb5 55. Qh8+ Kf7 56. Qxh7+ Kf6 57. Qe7+ Kf5
58. Qf7+ Ke5 59. d7 1-0

[Event "USA ch femenino"]
[Site "Saint Louis USA"]
[Date "2011.04.18"]
[Round "4.2"]
[White "Baginskaite, Camilla"]
[Black "Melekhina, Alisa"]
[Result "1-0"]
[WhiteElo "2342"]
[BlackElo "2304"]
[PlyCount "77"]
[EventDate "2011.04.15"]
[EventType "tourn"]
[EventRounds "7"]
[EventCountry "USA"]
[Source "lmi"]
[SourceDate "2011.04.15"]

1. d4 Nf6 2. c4 g6 3. g3 Bg7 4. Bg2 O-O 5. Nf3 d6 6. O-O Nc6 7. Nc3 Bf5 8. d5
Na5 9. Nd4 Bd7 10. Qd3 c5 11. Nc2 a6 12. b3 Rb8 13. Rb1 b5 14. Bd2 Qc7 15. e4
e6 16. Ne3 Rfe8 17. h3 Nh5 18. Ng4 b4 19. dxe6 fxe6 20. Ne2 Kh8 21. Nh6 Rf8 22.
g4 Nf6 23. Qg3 Nc6 24. Qh4 Rbe8 25. f4 Ng8 26. f5 exf5 27. gxf5 gxf5 28. Ng3
Bf6 29. Qh5 Nxh6 30. Bxh6 Rg8 31. Nxf5 Rg6 32. Nh4 Bd4+ 33. Kh1 Rg3 34. Rf7 Re5
35. Nf5 Rxf5 36. exf5 Ne5 37. Rf8+ Rg8 38. Rxg8+ Kxg8 39. Qg5+ 1-0

[Event "USA ch femenino"]
[Site "Saint Louis USA"]
[Date "2011.04.18"]
[Round "4.4"]
[White "Abrahamyan, Tatev"]
[Black "Goletiani, Rusudan"]
[Result "1-0"]
[WhiteElo "2326"]
[BlackElo "2367"]
[PlyCount "81"]
[EventDate "2011.04.15"]
[EventType "tourn"]
[EventRounds "7"]
[EventCountry "USA"]
[Source "lmi"]
[SourceDate "2011.04.15"]

1. e4 c5 2. Nf3 e6 3. d4 cxd4 4. Nxd4 a6 5. Bd3 Nf6 6. O-O Qc7 7. Nc3 d6 8. Qe2
Nbd7 9. Kh1 Be7 10. f4 b6 11. Bd2 Bb7 12. Rae1 Nc5 13. b4 Nxd3 14. cxd3 O-O 15.
Rf3 Rfe8 16. Rh3 g6 17. e5 Nd7 18. Ne4 dxe5 19. fxe5 Qxe5 20. Qf2 Nf8 21. Nf3
Qb2 22. Qxb6 Bxe4 23. dxe4 Rad8 24. Qe3 Bxb4 25. Bxb4 Qxb4 26. Ne5 Qd2 27. Qg3
Rc8 28. Nf3 Qb2 29. Qf4 Qf2 30. Rg1 Rc2 31. e5 Rb8 32. Qh6 Rxa2 33. Ne1 Rb1 34.
Rf3 Qd4 35. Qg5 Nd7 36. Qd8+ Kg7 37. Rgf1 Qxe5 38. Rxf7+ Kh6 39. Qxd7 Rxe1 40.
Rxh7+ Kg5 41. Qe7+ 1-0

[Event "USA ch femenino"]
[Site "Saint Louis USA"]
[Date "2011.04.19"]
[Round "5.1"]
[White "Goletiani, Rusudan"]
[Black "Foisor, Sabina-Francesca"]
[Result "1-0"]
[WhiteElo "2367"]
[BlackElo "2350"]
[PlyCount "133"]
[EventDate "2011.04.15"]
[EventType "tourn"]
[EventRounds "7"]
[EventCountry "USA"]
[Source "lmi"]
[SourceDate "2011.04.15"]

1. c4 c5 2. Nf3 g6 3. Nc3 Bg7 4. d4 cxd4 5. Nxd4 Nc6 6. Nc2 d6 7. e4 Be6 8. Bd2
Nf6 9. Be2 O-O 10. O-O Nd7 11. f4 f5 12. exf5 Bxf5 13. Ne3 Nd4 14. Nxf5 Nxf5
15. Kh1 e5 16. Bf3 Nc5 17. b4 Nd3 18. Bxb7 Rb8 19. Be4 Nxf4 20. g3 Ne6 21. Bd5
Qe7 22. Ne4 Kh8 23. Qg4 Nfd4 24. a4 Rxf1+ 25. Rxf1 Rf8 26. Rxf8+ Qxf8 27. Kg2
Nc7 28. Bb7 Nf5 29. a5 Ne6 30. Bd5 Ned4 31. Ng5 h6 32. Ne6 Nxe6 33. Bxe6 Qe8
34. Bd5 h5 35. Qf3 Kh7 36. b5 Qd8 37. Be4 Qc8 38. Qd3 Ne7 39. b6 axb6 40. axb6
h4 41. b7 h3+ 42. Kg1 Qc7 43. Qb3 Nc6 44. Qb5 d5 45. Bxd5 Nb8 46. Qe8 Qc5+ 47.
Kf1 Qf8+ 48. Qxf8 Bxf8 49. Ke2 Bd6 50. Kf3 Kg7 51. Kg4 Nd7 52. Kxh3 Nc5 53. Kg4
Na6 54. Be3 Bb8 55. Kf3 Kf6 56. h4 Ke7 57. g4 Nc7 58. h5 gxh5 59. gxh5 Kf6 60.
Kg4 Ne8 61. Bg5+ Kg7 62. Kf5 Nd6+ 63. Ke6 Nf7 64. Bf6+ Kf8 65. c5 Ke8 66. Be7
Nd8+ 67. Bxd8 1-0

[Event "USA ch femenino"]
[Site "Saint Louis USA"]
[Date "2011.04.19"]
[Round "5.4"]
[White "Zenyuk, Iryna"]
[Black "Baginskaite, Camilla"]
[Result "0-1"]
[WhiteElo "2245"]
[BlackElo "2342"]
[PlyCount "74"]
[EventDate "2011.04.15"]
[EventType "tourn"]
[EventRounds "7"]
[EventCountry "USA"]
[Source "lmi"]
[SourceDate "2011.04.15"]

1. d4 Nf6 2. c4 e6 3. Nc3 Bb4 4. Bg5 h6 5. Bh4 c5 6. d5 d6 7. e3 Bxc3+ 8. bxc3
e5 9. Qc2 Qe7 10. Nf3 Nbd7 11. Nd2 e4 12. Be2 g5 13. Bg3 Nf8 14. h4 Ng6 15. h5
Nf8 16. Rb1 N8d7 17. Rb2 O-O 18. Kd1 Nb6 19. Kc1 Bd7 20. Re1 Rfe8 21. f4 exf3
22. Bxf3 Ng4 23. Ne4 Ne5 24. Nd2 Nexc4 25. Nxc4 Nxc4 26. Rxb7 Rab8 27. Rxb8
Rxb8 28. Qe4 Ne5 29. Bxe5 dxe5 30. g4 c4 31. Re2 Qa3+ 32. Kd1 Qxc3 33. Rd2 Qa1+
34. Ke2 c3 35. Qxe5 Rb1 36. Rc2 Ba4 37. Qxc3 Bxc2 0-1

[Event "USA ch femenino"]
[Site "Saint Louis USA"]
[Date "2011.04.20"]
[Round "6.1"]
[White "Foisor, Sabina-Francesca"]
[Black "Baginskaite, Camilla"]
[Result "1/2-1/2"]
[WhiteElo "2350"]
[BlackElo "2342"]
[PlyCount "51"]
[EventDate "2011.04.15"]
[EventType "tourn"]
[EventRounds "7"]
[EventCountry "USA"]
[Source "lmi"]
[SourceDate "2011.04.15"]

1. d4 Nf6 2. c4 e6 3. Nf3 d5 4. Nc3 Bb4 5. Bg5 h6 6. Bxf6 Qxf6 7. e3 O-O 8. Qb3
c5 9. dxc5 Bxc3+ 10. Qxc3 Qxc3+ 11. bxc3 Nd7 12. cxd5 exd5 13. Rd1 Nxc5 14.
Rxd5 b6 15. c4 Be6 16. Rd4 Rac8 17. Be2 Rc7 18. Kd2 Rfc8 19. Rb1 Nb7 20. Kc3
Na5 21. Nd2 Nc6 22. Rd6 Na5 23. Rd4 Nc6 24. Rd6 Na5 25. Rd4 Nc6 26. Rd6 1/2-1/2

[Event "USA ch femenino"]
[Site "Saint Louis USA"]
[Date "2011.04.20"]
[Round "6.3"]
[White "Abrahamyan, Tatev"]
[Black "Melekhina, Alisa"]
[Result "1/2-1/2"]
[WhiteElo "2326"]
[BlackElo "2304"]
[PlyCount "74"]
[EventDate "2011.04.15"]
[EventType "tourn"]
[EventRounds "7"]
[EventCountry "USA"]
[Source "lmi"]
[SourceDate "2011.04.15"]

1. e4 c5 2. Nf3 Nc6 3. d4 cxd4 4. Nxd4 Nf6 5. Nc3 e5 6. Ndb5 d6 7. Bg5 a6 8.
Na3 b5 9. Nd5 Be7 10. Bxf6 Bxf6 11. c3 Ne7 12. Nxf6+ gxf6 13. Nc2 Bb7 14. Bd3
d5 15. exd5 Qxd5 16. Ne3 Qe6 17. a4 Rd8 18. Qc2 e4 19. Be2 f5 20. g3 O-O 21.
axb5 axb5 22. Bxb5 Ng6 23. Be2 f4 24. gxf4 Nxf4 25. Rd1 Qg6 26. c4 Rd3 27. c5
Rfd8 28. Bxd3 exd3 29. Qc4 Ng2+ 30. Kd2 Nxe3 31. Qh4 Re8 32. fxe3 Bxh1 33. Rxh1
Qg2+ 34. Kxd3 Qd5+ 35. Ke2 Qg2+ 36. Kd3 Qd5+ 37. Ke2 Qg2+ 1/2-1/2

[Event "USA ch femenino"]
[Site "Saint Louis USA"]
[Date "2011.04.21"]
[Round "7.2"]
[White "Melekhina, Alisa"]
[Black "Goletiani, Rusudan"]
[Result "1/2-1/2"]
[WhiteElo "2304"]
[BlackElo "2367"]
[PlyCount "116"]
[EventDate "2011.04.15"]
[EventType "tourn"]
[EventRounds "7"]
[EventCountry "USA"]
[Source "lmi"]
[SourceDate "2011.04.15"]

1. e4 c5 2. Nc3 a6 3. f4 b5 4. Nf3 e6 5. d3 Bb7 6. g4 b4 7. Ne2 d5 8. e5 Nh6 9.
Bh3 d4 10. O-O Nd7 11. Ng3 Qc7 12. f5 O-O-O 13. fxe6 fxe6 14. g5 Nf7 15. Bxe6
Nfxe5 16. Nxe5 Qxe5 17. Qg4 Bd5 18. Bxd5 Qxd5 19. Bd2 Bd6 20. Nf5 g6 21. Nxd6+
Qxd6 22. Rf6 Qd5 23. Bf4 Rhf8 24. Rd6 Qb7 25. Re1 Rf5 26. Ree6 Rdf8 27. Rc6+
Kd8 28. Bc7+ Qxc7 29. Rxc7 Kxc7 30. Qg3+ Kd8 31. Qg2 Rf3 32. Rxa6 R8f5 33. Re6
Nf8 34. Rf6 Rxf6 35. gxf6 Rxf6 36. Qa8+ Ke7 37. a4 Nd7 38. a5 Re6 39. Qb7 Kd8
40. Qa8+ Kc7 41. Qg8 Ra6 42. Qxh7 Rxa5 43. Qxg6 Ra1+ 44. Kg2 Ra2 45. Qg3+ Kb7
46. Qd6 Kc8 47. Kg3 Rxb2 48. Qa6+ Kc7 49. Qc4 Kd6 50. h4 Ne5 51. Qa6+ Ke7 52.
Kf4 Nd7 53. Qc4 Rb1 54. h5 Rf1+ 55. Kg3 Rg1+ 56. Kf4 Rf1+ 57. Kg5 Rg1+ 58. Kf4
Rf1+ 1/2-1/2

[Event "USA ch femenino"]
[Site "Saint Louis USA"]
[Date "2011.04.21"]
[Round "7.3"]
[White "Zenyuk, Iryna"]
[Black "Abrahamyan, Tatev"]
[Result "1/2-1/2"]
[WhiteElo "2245"]
[BlackElo "2326"]
[PlyCount "142"]
[EventDate "2011.04.15"]
[EventType "tourn"]
[EventRounds "7"]
[EventCountry "USA"]
[Source "lmi"]
[SourceDate "2011.04.15"]

1. d4 Nf6 2. Nf3 e6 3. c4 d5 4. Nc3 Bb4 5. Bg5 h6 6. Bxf6 Qxf6 7. e3 O-O 8. Rc1
dxc4 9. Bxc4 c5 10. O-O cxd4 11. exd4 Nc6 12. Ne4 Qe7 13. Qe2 Rd8 14. Rfd1 Bd7
15. a3 Ba5 16. b4 Bb6 17. Nc5 Be8 18. Qb2 Rd6 19. Re1 Qc7 20. Re4 Rad8 21. Rce1
Bd7 22. h3 Ne7 23. Ne5 Bc8 24. Nxf7 Kxf7 25. Bxe6+ Bxe6 26. Nxe6 Rxe6 27. Rxe6
Nd5 28. Qe2 Qd7 29. Qh5+ Kf8 30. Qe5 Bc7 31. Qf5+ Qf7 32. Qe4 Bb6 33. a4 Nf6
34. Qe2 Bxd4 35. Re7 Qd5 36. Qe6 Bc3 37. Rf7+ Kg8 38. Rxf6+ Qxe6 39. Rfxe6 Bxe1
40. Rxe1 Rd4 41. Rb1 Kf7 42. Kf1 Kf6 43. Ke2 Ke5 44. Rb3 h5 45. g3 g5 46. a5
Kf5 47. b5 Ra4 48. b6 Rxa5 49. bxa7 Rxa7 50. Ke3 Ra5 51. Rxb7 Ra3+ 52. Ke2 h4
53. gxh4 gxh4 54. Rf7+ Kg5 55. Rf3 Ra1 56. Rb3 Rh1 57. Re3 Kf4 58. Ra3 Kg5 59.
Rf3 Kg6 60. Kd3 Kg5 61. Ke4 Rh2 62. Ke5 Kg6 63. Kf4 Rg2 64. Ke4 Rh2 65. Ke5 Kg5
66. Kd4 Kg6 67. Kd3 Kg5 68. Kd2 Kg6 69. Ke2 Rh1 70. Rd3 Kf5 71. Rc3 Ke5 1/2-1/2